Films dont le titre commence par un G (2) Version facile - Statistiques

Statistiques générales
  • Ce quiz a été pris 14 fois
  • Le résultat moyen est 8 sur 30
Statistiques - réponses
Année Réalisateur Genre 1 acteur ou
1 actrice
Titre Indice facile % Correct
1994 J. Balasko Comédie Victoria Abril Gazon Maudit *
75%
2000 R. Scotte Historique Russel Crowe Gladiator *
75%
1993 C. Berri Drame Renaud Germinal *
67%
1990 J. Zucker Fantastique Patrick Swayze Ghost *
67%
1987 B. Levison Comédie dramatique Robin Williams Good morning Vietnam Good
67%
2008 C. Eastwood Drame Clint Eastwood Gran Torino *
67%
2010 J. Star Biographie Eric Elmosnino Gainsbourg vie héroïque vie
42%
1983 C. Sautet Comédie dramatique Yves Montand Garçon *
42%
1995 M. Campbell Espionnage Pierce Brosnan Goldeneye *
42%
1984 J. Dante Fantastique Zach Galligan Gremlins *
42%
1994 M. Blanc Comédie Michel Blanc Grosse fatigue *
42%
2007 M. Steven Fantastique Nicolas Cage Ghost Rider *
33%
2002 W. Becker Comédie Marc Bachoff Good bye Lenin Good
25%
2018 V. Filho Drame Marion Cotillard Gueule d'ange ange
25%
1991 P. Braoudé Comédie Adrien Dirand Génial, mes parents divorcent parents
17%
1998 S. Lumet Comédie dramatique Sharon Stone Gloria *
17%
1989 E. Zwick Drame Matthew Broderick Glory *
17%
2014 G. Edwards Science-fiction Aaron Taylor-Johnson Godzilla *
17%
2016 P-F Martin-Laval Comédie Théo Fernandez Gaston Lagaffe *
8%
2014 O. Dahan Biographie Nicole Kidman Grace de Monaco de
8%
2018 N. Jordan Thriller Isabelle Huppert Greta *
8%
1982 M. Drach Drame Claude Brasseur Guy de Maupassant de
8%
2012 M. Hoffman Comédie Colin Firth Gambit arnaque à l'anglaise arnaque
0%
2014 A. Fontaine Comédie Fabrice Luchini Gemma Bovery *
0%
1994 B. Stiller Comédie dramatique Winona Ryder Génération 90 *
0%
2018 J. Marsch Policier Michael Caine Gentlemen cambrioleurs *
0%
2002 G. Paquet-Brenner Policier Titoff Gomez et Tavarès et
0%
1984 M. Apted Policier Lee Marvin Gorky park *
0%
1989 J. McBride Comédie Robert Lesser Great balls of fire fire
0%
2015 F. Drugeon Historique Tiésay Deshayes Guillaume la jeunesse du conquérant jeunesse
0%
Aucun quiz correspondant
Distribution des résultats
% des personnes avec chaque résultat
Percentile par nombre de réponses
Votre historique - résultats
Vous n’avez pas pris ce quiz